To Kill a Mockingbird

সংরক্ষণ করুন:
গ্রন্থ-পঞ্জীর বিবরন
প্রধান লেখক: Lee, Harper
বিন্যাস: গ্রন্থ
ভাষা:Undetermined
প্রকাশিত: New York USA Harper Perennial Modern Classics 2001
বিষয়গুলি:
ট্যাগগুলো: ট্যাগ যুক্ত করুন
কোনো ট্যাগ নেই, প্রথমজন হিসাবে ট্যাগ করুন!
Thư viện lưu trữ: Trung tâm Học liệu Trường Đại học Cần Thơ
LEADER 00484nam a2200181Ia 4500
001 CTU_230382
008 210402s9999 xx 000 0 und d
082 |a 813.54 
082 |b L477 
100 |a Lee, Harper 
245 0 |a To Kill a Mockingbird 
245 0 |c Harper Lee 
260 |a New York 
260 |b USA Harper Perennial Modern Classics 
260 |c 2001 
650 |a Bí mật,Secrecy 
910 |a Tuyến 
980 |a Trung tâm Học liệu Trường Đại học Cần Thơ